| 000 | 00941cam a22002897a 4500 | ||
|---|---|---|---|
| 001 | 14275774 | ||
| 003 | OSt | ||
| 005 | 20161019180453.0 | ||
| 008 | 060223s2005 enka f b 001 0 eng d | ||
| 010 | _a 2006272805 | ||
| 015 |
_2bnb _aGBA541993 |
||
| 020 | _a0521835496 | ||
| 020 | _a9780521835497 | ||
| 035 | _a(OCoLC)ocm60418272 | ||
| 040 |
_aUKM _beng _cUKM _dBAKER _dBWKUK _dPMC _dDLC |
||
| 042 |
_aukblsr _alccopycat |
||
| 082 |
_aW 21 _bC26a 2005 |
||
| 100 |
_aEditor Ashcroft, Richard E.[et...al] _911221 |
||
| 245 | 0 | 0 | _aCase Analysis in Clinical Ethics |
| 260 |
_bCambridge University Press, _c2005. |
||
| 300 |
_axiii , 246 p. : _bill. ; _c24 cm. |
||
| 504 | _aIncludes bibliographical references and index. | ||
| 650 | 0 |
_aMedical ethics _910193 |
|
| 856 | 4 | 2 |
_3Publisher description _uhttp://www.loc.gov/catdir/enhancements/fy0632/2006272805-d.html |
| 906 |
_a7 _bcbc _ccopycat _d2 _encip _f20 _gy-gencatlg |
||
| 942 |
_2z _cO_SHELF |
||
| 999 |
_c4731 _d4731 |
||